Exodus Multiple Choice - Statistics

General Stats
  • This quiz has been taken 9 times
    5 since last reset
  • The average score is 9 of 10
Answer Stats
Question Answer % Correct
As a word, 'exodus' means what? A mass departure of people
100%
What is the Book of the Bible before Exodus? Genesis
100%
On what mountain did Moses receive the Ten Commandments? Mount Sinai
100%
What sea did the Israelites cross to escape from Egypt? Red Sea
100%
...And who found the above? The Pharaoh's daughter
100%
How many Plagues of Egypt were there? 10
75%
The Book of Exodus records the building of the Tabernacle. What was the tabernacle? A portable tent for God to dwell in
75%
What food did God provide for the Israelites in the wilderness? Manna and quail
75%
Who wass hidden in a basket among reeds, according to Exodus 2? Moses
75%
How many chapters are in Exodus? 40
50%
No matching quizzes found
Score Distribution
Percent of People with Each Score
Percentile by Number Answered
Your Score History
You have not taken this quiz since the last reset